The Impact of Government Expenditure on Environmental Protection on the Recycling Rate of Municipal Waste and the Environmental Performance Index diplomová práca

Saved in:
Bibliographic Details
Main Author: Barnáš, František
Corporate Authors: Národohospodárska fakulta EU. Katedra financií, Nottingham Trent University. Nottingham Business School
Other Authors: Beličková, Kornélia, 1966-
Format: Book
Language:English
Published: Bratislava 2024
Tags: Add Tag
No Tags, Be the first to tag this record!

MARC

LEADER 00000nbm a2200000 4500
001 0304026
005 20250603085819.2
041 0 |a eng 
044 |a SK 
245 1 0 |a The Impact of Government Expenditure on Environmental Protection on the Recycling Rate of Municipal Waste and the Environmental Performance Index  |b diplomová práca  |c František Barnáš ; školiteľ: Kornélia Beličková 
264 1 |a Bratislava  |c 2024 
300 |a 39 s. 
100 1 |a Barnáš, František 
700 1 |a Beličková, Kornélia, 1966- 
710 2 |a Národohospodárska fakulta EU. Katedra financií 
710 2 |a Nottingham Trent University. Nottingham Business School